000
00255nam a22000977a 4500
999
_c
11598
_d
11598
008
190805b ||||| |||| 00| 0 eng d
020
_a
9780241365717
100
_a
Mills Andrea
_9
7307
245
_a
Findout Animals
260
_a
India
_b
Penguin Random House
_c
2018